| 000 | 00914nam a22002297a 4500 | ||
|---|---|---|---|
| 005 | 20250320165039.0 | ||
| 008 | 250320b |||||||| |||| 00| 0 eng d | ||
| 020 | _a978-93-48229-90-8 (pbk) | ||
| 037 | _cTB | ||
| 040 |
_aCRL _cCRL |
||
| 041 |
_2hin _ahin |
||
| 084 |
_aNW44 152R4 _qCRL |
||
| 100 | _aराकेश, शिवानी | ||
| 245 | _aसिनेमा को पढ़ते हुए | ||
| 260 |
_aप्रयागराज, भारत: _bलोकभारती पेपरबैकस, _c2024 |
||
| 300 | _a255पृ0 | ||
| 365 |
_b399.00 _cINR |
||
| 650 |
_aललित कला _9156314 |
||
| 650 | _aसिनेमा | ||
| 942 |
_2CC _cTB _hNW44 152R4 _n0 |
||
| 999 |
_c1269188 _d1269188 |
||